| 000 | 00506 a2200181 4500 | ||
|---|---|---|---|
| 005 | 20260210143031.0 | ||
| 008 | 260210b |||||||| |||| 00| 0 eng d | ||
| 020 |
_a9788126934324 _cRs. 495.00 |
||
| 040 | _aMAIN | ||
| 082 |
_a370.92 _bM291E |
||
| 100 | _aSingh, Sunita | ||
| 245 | _aEducational philosophy of Madan Mohan Malaviya | ||
| 260 |
_bAtlantic Publishers and Distributors _c2022 _aNew Delhi |
||
| 300 | _aviii, 345 | ||
| 650 | _aEducation | ||
| 650 | _aPhilosophy-Education | ||
| 942 | _cBK | ||
| 999 |
_c394146 _d394146 |
||